• 首页
  • 本馆介绍
  • 公告通知
  • 最新文献
  • 馆藏检索
  • 电子资源
  • 读者导购
  • 参考咨询
  • 我的图书馆
  • 登录
  • 详细信息显示
  • 放入我的书架
  • 预约/预借图书
  • 作者相关作品
  • 分类相关作品
  • 丛书相关作品
  • 出版社相关作品

书目信息

  • 表格格式
  • 工作单格式
  • 卡片格式
书名: The spoken language translator =
作者: 编者, Manny Rayner ... [et al.] ; 导读, 宗成庆.
分册号:
分册名:
出版地: 北京 :
 
出版社: Peking University Press
出版时间: 2010.
页数: F32, 337 p. :
开本: 23 cm.
丛书名:
中图分类号:
科图分类号:
其他分类号: H085
主题词:
电子资源:
000 01011nam a2200289 a 4500
001 E1250828775
005 20120419141004.67
008 100916r20102000cc a b 001 0 eng d
020    @a9787301171561 (pbk.) :@cCNY46.00.
040    @aRUC@cRUC
090    @aH085/X3(1)
090    @aH085
092    @b华现10-164-014
093    @aH085 @2 4
099    @dH085@ex49
245 04 @aThe spoken language translator =@b口语机器翻译 / @c编者, Manny Rayner ... [et al.] ; 导读, 宗成庆.
246 31 @a口语机器翻译
260    @a北京 :@bPeking University Press,@c2010.
300    @aF32, 337 p. :@bill. ;@c23 cm.
490 0  @a计算语言学与语言科技原文丛书
504    @aIncludes bibliographical references (p. 323-331) and index.
534    @pReprint. Originally published:@cCambridge : Cambridge University Press, c2000.@z9780521038820.
650  0 @aMachine translating.
650  0 @aSpeech processing systems.
700 1  @aRayner, Manny,@d1958-
700 1  @aZong, Chengqing@A(宗成庆)
920    @a232010@z2
    
    The spoken language translator = : 口语机器翻译 / / 编者, Manny Rayner ... [et al.] ; 导读, 宗成庆.-北京 : : Peking University Press, , 2010.
    F32, 337 p. : : ill. ; ; 23 cm.- (计算语言学与语言科技原文丛书 )
    Includes bibliographical references (p. 323-331) and index.
    
    ISBN 9787301171561 (pbk.) :CNY46.00.
    
●
相关链接 在E读中查询图书 在五车中查询图书 在当当中查询图书 在豆瓣中查询图书


正题名:spoken language translator =     索取号:H085/x49         预约/预借

序号 登录号 条形码 馆藏地/架位号 状态 备注
1 17941   300179410   第二样本阅览室/ [索取号:H085/x49] 在馆    
2 17942   300179429   第四借阅区/ [索取号:H085/x49] 在馆    
3 17943   300179438   第四借阅区/ [索取号:H085/x49] 在馆    
4 17944   300179447   第四借阅区/ [索取号:H085/x49] 在馆    
5 17945   300179456   第四借阅区/ [索取号:H085/x49] 在馆    
唐山师范学院图书馆 欢迎您!
大连网信软件有限公司© 版权所有